| 000 | 01104cam a22003131 4500 | ||
|---|---|---|---|
| 001 | 4252 | ||
| 003 | FISKH | ||
| 005 | 20240710140926.0 | ||
| 008 | 781019s1966 tnua j 000 1 eng | ||
| 010 | _a 66006191 | ||
| 020 | _a9780142408902 | ||
| 040 |
_aDLC _cWPlaU _dOCoLC _dODaWU _dOCoLC _dDLC _beng |
||
| 050 | 0 | 0 | _aPZ7.S68524 |
| 082 | _a813.54 | ||
| 100 | 1 |
_aSobol, Donald J., _d1924-2012. |
|
| 245 | 1 | 0 |
_aEncyclopedia Brown finds the clues / _cby Donald J. Sobol ; illustrated by Leonard Shortall. |
| 260 |
_aNew York : _bPuffin Books, _c1966. |
||
| 300 |
_a96 pages : _billustrations ; _c20 cm |
||
| 490 |
_aEncyclopedia brown _vBook 3 |
||
| 505 | _aO | ||
| 520 | _aAmerica's Sherlock Holmes in sneakers continues his war on crime in ten more cases, the solutions to which are found in the back of the book. | ||
| 521 | 8 |
_a630
_bLexile |
|
| 521 | 8 |
_aO
_bRaz-Plus |
|
| 650 | 0 |
_aDetective and mystery stories. _vChapter book |
|
| 700 | 1 |
_aShortall, Leonard. _eillustrator |
|
| 906 |
_a7 _bcbc _coclcrpl _du _encip _f19 _gy-gencatlg |
||
| 942 |
_2ddc _cBK _n0 |
||
| 999 |
_c4252 _d4252 |
||